Cranial Nerves (L3) - Statistics

General Stats
  • This quiz has been taken 24 times
  • The average score is 10 of 12
Answer Stats
Hint Answer % Correct
II Optic
100%
V Trigeminal
95%
VI Abducens
89%
III Oculomotor
89%
IV Trochlear
89%
X Vagus
89%
XI Accessory
84%
VII Facial
84%
IX Glosso-pharyngeal
84%
XII Hypoglossal
84%
I Olfactory
84%
VIII Vestibulocochlear/Statoacoustic
74%
No matching quizzes found
Score Distribution
Percent of People with Each Score
Percentile by Number Answered
Your Score History
You have not taken this quiz